000 004420000a22001690004500
003 LK-CoMWRAF
008 230817t ||||| |||| 00| 0 eng d
040 _aLK-CoMWRAF
_dLK-CoMWRAF
_eLK-CoMWRAF
041 _aeng
100 _aSettu, M.
245 _aGnana Malargal
_b
250 _aSecond Edition (2006)
260 _bSri Saraswathi Thyagarajah Institute
_aIndia (Tamilnadu)
_c2005
300 _ap.78
650 _aTamil Text
942 _cBK
999 _c2399
_d2399